| 000 | 00717cam a22002413a 4500 | ||
|---|---|---|---|
| 001 | 21262 | ||
| 003 | PGUSA | ||
| 005 | 20140828083443.0 | ||
| 008 | 070430s2007||||xxu|||||s|||||000 p eng d | ||
| 040 |
_aPGUSA _beng |
||
| 042 | _adc | ||
| 050 | 4 | _aPR | |
| 100 | 1 |
_aMarlowe, Christopher, _d1564-1593 |
|
| 245 | 1 | 4 |
_aThe Works of Christopher Marlowe, Vol. 3 (of 3) _h[electronic resource] / _cChristopher Marlowe |
| 260 |
_bProject Gutenberg, _c2007 |
||
| 506 | _aPublic domain in the USA. | ||
| 516 | _aElectronic text | ||
| 653 | _aEnglish poetry | ||
| 700 | 1 |
_aBullen, A. H. _q(Arthur Henry), _d1857-1920 |
|
| 830 | 0 |
_aProject Gutenberg _v21262 |
|
| 856 | 4 | 0 | _uhttp://www.gutenberg.org/ebooks/21262 |
| 942 | _cEB | ||
| 999 |
_c250517 _d250517 |
||